000 00540nam a2200193Ia 4500
008 151119s9999||||xx |||||||||||||| ||und||
082 _a823.91
082 _bGKKV28929
100 _aइडगा अरविंद
245 _aव्हाईट टायगर
260 _a---
260 _b---
260 _c2009
600 _aइडगा अरविंद
630 _aव्हाईट टायगर
700 _aइडगा अरविंद
730 _aव्हाईट टायगर
942 _cBOOK
999 _c1081302
_d1081299